Top 10 Football Players Per Position - Statistics

General Stats
  • This quiz has been taken 83 times
  • The average score is 78 of 100
Answer Stats
Goalkeepers Club Country Answer % Correct
1 Real Madrid Belgium Thibaut Courtois
98%
2 Manchester City Italy Gianluigi Donnarumma
97%
1 Paris Saint-Germain Morocco Achraf Hakimi
91%
3 Arsenal Spain David Raya
91%
9 Aston Villa Argentina Emiliano Martinez
89%
5 Atletico Madrid Slovenia Jan Oblak
89%
6 Real Madrid England Trent Alexander-Arnold
89%
6 Inter Milan Switzerland Yann Sommer
89%
4 Liverpool Brazil Alisson Becker
88%
2 FC Barcelona France Jules Kounde
88%
1 Liverpool Netherlands Virgil van Dijk
88%
7 Real Madrid Spain Dani Carvajal
86%
5 Paris Saint-Germain Brazil Marquinhos
86%
5 Inter Milan Netherlands Denzel Dumfries
85%
7 AC Milan France Mike Maignan
85%
6 Real Madrid Germany Antonio Rudiger
83%
2 Arsenal Brazil Gabriel Magalhães
83%
10 Manchester City Portugal Ruben Dias
83%
5 Manchester United Portugal Bruno Fernandes
82%
2 Arsenal England Declan Rice
82%
9 Liverpool France Ibrahima Konate
82%
8 Liverpool Netherlands Jeremie Frimpong
82%
1 Real Madrid England Jude Bellingham
82%
4 Arsenal France William Saliba
82%
6 Liverpool Argentina Alexis MacAllister
80%
3 Chelsea England Cole Palmer
80%
6 Liverpool Hungary Dominik Szoboszlai
80%
2 Liverpool Germany Florian Wirtz
80%
10 Sunderland Switzerland Granit Xhaka
80%
8 Borussia Dortmund Switzerland Gregor Kobel
80%
9 Al Hilal Portugal Joao Cancelo
80%
5 Napoli Belgium Kevin De Bruyne
80%
1 Manchester City Spain Rodri
80%
7 Newcastle United Italy Sandro Tonali
80%
9 Napoli Scotland Scott McTominay
80%
10 Athletic Club Spain Unai Simon
80%
2 Paris Saint-Germain Portugal Vitinha
80%
3 Inter Milan Italy Alessandro Bastoni
79%
6 Liverpool Sweden Alexander Isak
79%
7 Bayern Munich Canada Alphonso Davies
79%
9 Real Madrid France Aurelien Tchouameni
79%
7 Newcastle United Brazil Bruno Guimaraes
79%
2 Manchester City Norway Erling Haaland
79%
3 Bayern Munich England Harry Kane
79%
4 Bayern Munich Germany Jamal Musiala
79%
3 Bayern Munich Germany Joshua Kimmich
79%
6 Manchester City Croatia Josko Gvardiol
79%
1 Real Madrid France Kylian Mbappe
79%
3 Chelsea Spain Marc Cucurella
79%
1 Paris Saint-Germain Portugal Nuno Mendes
79%
4 Paris Saint-Germain France Ousmane Dembele
79%
1 FC Barcelona Brazil Raphinha
79%
5 FC Barcelona Poland Robert Lewandowski
79%
3 Real Madrid Brazil Vinicius Jr.
79%
10 Atletico Madrid Argentina Julian Alvarez
77%
7 Inter Milan Argentina Lautaro Martinez
77%
1 Liverpool Egypt Mohamed Salah
77%
4 Chelsea Ecuador Moises Caicedo
77%
7 Athletic Club Spain Nico Williams
77%
1 FC Barcelona Spain Pedri
77%
6 AC Milan Portugal Rafael Leao
77%
8 AC Milan USA Christian Pulisic
76%
8 Liverpool Netherlands Cody Gakpo
76%
6 Inter Milan Turkey Hakan Calhanoglu
76%
3 Arsenal Netherlands Jurrien Timber
76%
7 Inter Miami Argentina Lionel Messi
76%
5 Bayern Munich Colombia Luis Diaz
76%
4 Bayern Munich France Michael Olise
76%
10 Real Madrid Brazil Rodrygo
76%
5 Liverpool Netherlands Ryan Gravenberch
76%
4 Al Hilal France Theo Hernandez
76%
9 Galatasaray Nigeria Victor Osimhen
76%
3 Arsenal England Bukayo Saka
74%
5 Paris Saint-Germain France Desire Doue
74%
3 Paris Saint-Germain Portugal Joao Neves
74%
2 FC Barcelona Spain Lamine Yamal
74%
9 Liverpool Hungary Milos Kerkez
74%
9 Manchester City England Phil Foden
74%
8 Borussia Dortmund Guinea Serhou Guirassy
74%
8 Paris Saint-Germain Ecuador Willian Pacho
74%
2 Paris Saint-Germain Georgia Khvicha Kvaratskhelia
73%
8 Arsenal Italy Riccardo Calafiori
73%
10 Manchester City Netherlands Tijjani Reijnders
73%
9 Tottenham Hotspur Netherlands Xavi Simons
73%
4 Bayer Leverkusen Spain Alejandro Grimaldo
71%
10 Newcastle United England Anthony Gordon
71%
8 FC Barcelona Spain Dani Olmo
71%
4 Inter Milan Italy Nicolo Barella
71%
9 Paris Saint-Germain France Bradley Barcola
70%
6 Manchester United Cameroon Bryan Mbuemo
70%
5 Inter Milan Italy Federico Dimarco
70%
4 Napoli Italy Giovanni Di Lorenzo
70%
7 Bayern Munich Germany Jonathan Tah
70%
8 Arsenal Spain Martin Zubimendi
70%
2 FC Barcelona Spain Alejandro Balde
68%
8 Paris Saint-Germain Spain Fabian Ruiz
68%
7 Manchester United Brazil Matheus Cunha
68%
10 Real Madrid Spain Alvaro Carreras
65%
10 Atletico Madrid Spain Marcos Llorente
65%
10 Arsenal England Eberechi Eze
62%
No matching quizzes found
Score Distribution
Percent of People with Each Score
Percentile by Number Answered
Your Score History
You have not taken this quiz